Henriksson, Anders. Vassals and citizens. - Marburg : Verl. Herder-Inst.. - 2009 [Rezension]
| Titel: | Henriksson, Anders. Vassals and citizens. - Marburg : Verl. Herder-Inst.. - 2009 [Rezension] |
|---|---|
| Verfasser: | |
| In: |
Jahrbuch des baltischen Deutschtums, Band 59 (2011), Seite 221-225 alle Artikel anzeigen |
| Veröffentlicht: | 2011 [2012] |
| Format: | Aufsatz |
| Sprache: | Deutsch |
X
alg: 39506094 001A $01999:12-11-16 001B $01999:04-08-21 $t21:03:32.000 001D $01999:12-11-16 001U $0utf8 001X $00 002@ $0Aox 003@ $039506094X 007A $039506094X $aHEB 007T $0Herdc0080281m 010@ $ager 011@ $a2011 $n2011 [2012] 021A $aHenriksson, Anders. Vassals and citizens. - Marburg : Verl. Herder-Inst.. - 2009 [Rezension] 028A $aEwing $dAleander 031A $d59 $h221-225 $j2011 039B $aIn $8--Abvc--. Jahrbuch des baltischen Deutschtums. - Lüneburg : Carl-Schirren-Ges., 1927-2012. - ISSN 0075-2436 $x201100000590000779 $9047351179 039T $8--Aau--Henriksson, Anders [Tnd]. Vassals and citizens. - Marburg : Verl. Herder-Inst., 2009. - XIV, 228 S.. - ISBN 978-3-87969-356-6 $9219647089 045F $a900.94798 $eDDC23BSB 045F/01 $a900 045F/03 $g4798 045F/03 $g4796 045T $a7,41 $a7,44 045T $aGER $qDE-30 $2FID lok: 39506094 78 exp: 39506094 78 1 #EPN 201B/01 $018-11-16 $t13:37:40.000 201U/01 $0utf8 203@/01 $0791359581 208@/01 $a12-11-16 $be 209A/01 $a/ $f000 $x00 220C/01 $aTitelaufnehmer: kk 220C/01 $aHerkunft: HI Marburg 244Z/01 $2Trx $#Latvija $#Lettland $#Łotwa $#Lotyšsko $8--Trx--Latvija $x01 $9391275879 244Z/01 $2Trx $#Estija $#Igaunija $#Estland $#Estonia $#Estonia $#Estónsko $#Estonsko $8--Trx--Eesti $x02 $9391237225 244Z/01 $2Trx $#arvustused $#recenzijos $#Reviews $#recenziók $#recenzje $#recenzie $#recenze $8--Trx--Rezensionen $x03 $9391357441 247C/01 $82080>Marburg/Lahn, Herder-Institut, Forschungsbibliothek, Bibliographieportal $9336309341
| LEADER | 00000caa a22000002c 4500 | ||
|---|---|---|---|
| 001 | 39506094X | ||
| 003 | DE-603 | ||
| 005 | 20210804210332.0 | ||
| 007 | tu | ||
| 008 | 161112s2011 xx |||| | u00||u|ger c | ||
| 035 | |a (DE-599)HEB39506094X | ||
| 040 | |a DE-603 |b ger |c DE-603 |d DE-603 | ||
| 041 | |a ger | ||
| 082 | 0 | 4 | |8 1\u |a 900.94798 |q DE-101 |2 23/BSB |
| 084 | |a 7,41 |a 7,44 |2 ssgn | ||
| 084 | |a GER |q DE-30 |2 fid | ||
| 085 | |8 1\u |b 900 | ||
| 085 | |8 1\u |z 2 |s 4798 | ||
| 085 | |8 1\u |z 2 |s 4796 | ||
| 100 | 1 | |a Ewing, Aleander | |
| 245 | 0 | 0 | |a Henriksson, Anders. Vassals and citizens. - Marburg : Verl. Herder-Inst.. - 2009 [Rezension] |
| 264 | 0 | |c 2011 [2012] | |
| 773 | 0 | 8 | |i In |t Jahrbuch des baltischen Deutschtums |d Lüneburg : Carl-Schirren-Ges., 1927-2012 |x 0075-2436 |g Band 59 (2011), Seite 221-225 |w (DE-603)047351179 |w (DE-600)217235-5 |
| 787 | 0 | 8 | |i Rezension von |a Henriksson, Anders |t Vassals and citizens |d Marburg : Verl. Herder-Inst., 2009 |h XIV, 228 S. |z 9783879693566 |w (DE-603)219647089 |
| 924 | 0 | |9 2080 |a (DE-603)791359581 |b DE-2080 |c HES |d d |g / | |


